Necesidad del fuero sindical en Costa Rica /

שמור ב:
מידע ביבליוגרפי
מחבר ראשי: González Muñoz, Antonio
פורמט: Tesis
יצא לאור: San José: s.e.
תגים: הוספת תג
אין תגיות, היה/י הראשונ/ה לתייג את הרשומה!

MARC

LEADER 00000 a a2200000 04500
001 24603
003
040
090 |a 16961.00  
100 |a González Muñoz, Antonio  
245 |a Necesidad del fuero sindical en Costa Rica /  |c Antonio González Muñoz 
260 |a San José:   |b s.e.  
300 |a 191 p  
502 |a Tesis (Licenciado en Derecho) -- Universidad de Costa Rica. Facultad de Derecho, 1966  
999 |c 18018  |d 18018